Deep Rock Galactic: All Guns - Statistics

General Stats
  • This quiz has been taken 83 times
  • The average score is 15 of 24
Answer Stats
Hint Answer % Correct
Primary CRSPR FLAMETHROWER
96%
Primary "LEAD STORM" POWERED MINIGUN
85%
Primary CRYO CANNON
79%
Primary LOK-1 SMART RIFLE
77%
Primary "THUNDERHEAD" HEAVY AUTOCANNON
73%
Primary "HURRICANE" GUIDED ROCKET SYSTEM
71%
Primary M1000 CLASSIC
71%
Primary "WARTHOG" AUTO 210
71%
Secondary DEEPCORE 40MM PGL
69%
Primary DEEPCORE GK2
69%
Primary CORROSIVE SLUDGE PUMP
67%
Secondary BREACH CUTTER
63%
Secondary "BULLDOG" HEAVY REVOLVER
63%
Secondary COLETTE WAVE COOKER
63%
Primary "STUBBY" VOLTAIC SMG
60%
Secondary SUBATA 120
60%
Secondary ZHUKOV NUK17
54%
Secondary ARMSKORE COIL GUN
52%
Secondary EXPERIMENTAL PLASMA CHARGER
50%
Primary DRAK-25 PLASMA CARBINE
46%
Secondary JURY-RIGGED BOOMSTICK
46%
Secondary NISHANKA BOLTSHARK X-80
46%
Secondary SHARD DIFFRACTOR
46%
Secondary BRT7 BURST FIRE GUN
35%
No matching quizzes found
Score Distribution
Percent of People with Each Score
Percentile by Number Answered
Your Score History
You have not taken this quiz